| Tag |
First Indicator |
Second Indicator |
Subfields |
| LEADER |
00000cam a2200000 a 4500 |
| 001 |
in00001290313 |
| 005 |
20190408102251.0 |
| 008 |
960212s1996 nyua b 001 0 eng |
| 010 |
|
|
|a 96006955
|
| 020 |
|
|
|a 0684802309
|
| 035 |
|
|
|a (OCoLC)34282174
|
| 035 |
|
|
|9 AGZ8775AM
|
| 040 |
|
|
|a DLC
|c DLC
|d TXA
|d UtOrBLW
|
| 043 |
|
|
|a n-us---
|
| 049 |
|
|
|a TXAM
|
| 050 |
0 |
0 |
|a E886.2
|b .S74 1996
|
| 082 |
0 |
0 |
|a 973.929/092
|2 20
|
| 100 |
1 |
|
|a Stewart, James B.
|
| 245 |
1 |
0 |
|a Blood sport :
|b the President and his adversaries /
|c James B. Stewart.
|
| 264 |
|
1 |
|a New York :
|b Simon & Schuster,
|c [1996]
|
| 264 |
|
4 |
|c ©1996
|
| 300 |
|
|
|a 479 pages :
|b illustrations ;
|c 25 cm.
|
| 336 |
|
|
|a text
|b txt
|2 rdacontent
|
| 337 |
|
|
|a unmediated
|b n
|2 rdamedia
|
| 338 |
|
|
|a volume
|b nc
|2 rdacarrier
|
| 500 |
|
|
|a The Cushing Library/Basbanes collection copy is inscribed to Nicholas Basbanes by the author and is part of the Nicholas A. Basbanes Collection of Inscribed Books.
|
| 504 |
|
|
|a Includes bibliographical references (pages 455-459) and index.
|
| 541 |
0 |
|
|a Donated by Nicholas A. Basbanes
|d 20151124
|
| 600 |
1 |
0 |
|a Clinton, Bill,
|d 1946-
|
| 600 |
1 |
0 |
|a Clinton, Hillary Rodham.
|
| 650 |
|
0 |
|a Whitewater Inquiry, 1993-2000.
|
| 651 |
|
0 |
|a United States
|x Politics and government
|y 1993-2001.
|
| 700 |
1 |
|
|a Basbanes, Nicholas A.,
|d 1943-
|e former owner.
|
| 999 |
|
|
|a MARS
|
| 999 |
f |
f |
|s 7ac52a11-65c9-312c-8f07-f19a2242a04f
|i dd6ade5f-b472-3af5-a8b6-101ed7b99359
|t 0
|
| 952 |
f |
f |
|p noncirc
|a Texas A&M University
|b College Station
|c Cushing Memorial Library & Archives
|d Cushing: Nicholas Basbanes (Does not check out)
|t 0
|e E886.2 .S74 1996
|h Library of Congress classification
|i unmediated -- volume
|
| 952 |
f |
f |
|p ric
|a Texas A&M University
|b Rellis Campus
|c Joint Library Facility
|d Remote Storage
|t 0
|e E886.2 .S74 1996
|h Library of Congress classification
|i unmediated -- volume
|m A14819966888
|
| 998 |
f |
f |
|a E886.2 .S74 1996
|t 0
|l Cushing: Nicholas Basbanes (Does not check out)
|
| 998 |
f |
f |
|a E886.2 .S74 1996
|t 0
|l Remote Storage
|